000 00292nam a2200145Ia 4500
100 _aEckel/ Bruce
942 _cBK
654 _ajava
245 _aThinking in Java
260 _bPrentice Hall
_c2000
082 _a005.133'J'
_bECK
300 _a1098
546 _aENGLISH
999 _c26797
_d26797